[Event "POL-chT 2nd League"]
[Site "Poronin"]
[Date "2020.09.05"]
[Round "1.1"]
[White "Dowgird, Filip"]
[Black "Bulski, Krzysztof"]
[Result "1/2-1/2"]
[WhiteElo "2327"]
[BlackElo "2524"]
[PlyCount "20"]
[EventDate "2020.09.05"]
[EventType "team-swiss"]
[EventRounds "9"]
[EventCountry "POL"]
[SourceTitle "CBM 198 Extra"]
[Source "ChessBase"]
[SourceDate "2020.11.30"]
[SourceVersion "1"]
[SourceVersionDate "2020.11.30"]
[SourceQuality "1"]
[WhiteTeam "Wisznia Mala Bialy Krol II"]
[BlackTeam "Kopernik WKS"]
[WhiteTeamCountry "POL"]
[BlackTeamCountry "POL"]

1. e4 c5 2. Nf3 Nc6 3. Bb5 Na5 4. 0-0 a6 5. Bd3 d6 6. Re1 Nc6 7. c3 Bg4 8. Bf1 e6 9. h3 Bxf3 10. Qxf3 g6 1/2-1/2

[Event "SVK-chT 1920"]
[Site "Slovakia"]
[Date "2019.10.19"]
[Round "1.1"]
[White "Mazur, Stefan"]
[Black "Bulski, Krzysztof"]
[Result "1/2-1/2"]
[WhiteElo "2435"]
[BlackElo "2525"]
[PlyCount "20"]
[EventDate "2019.10.19"]
[EventType "team-tourn"]
[EventRounds "11"]
[EventCountry "SVK"]
[SourceTitle "CBM 192 Extra"]
[Source "Chessbase"]
[SourceDate "2019.11.06"]
[SourceVersion "1"]
[SourceVersionDate "2019.11.06"]
[SourceQuality "1"]
[WhiteTeam "Liptov Chess School"]
[BlackTeam "Dunajov Inbest"]
[WhiteTeamCountry "SVK"]
[BlackTeamCountry "SVK"]

1. e4 e5 2. Nf3 Nc6 3. Nc3 Nf6 4. Bb5 Bd6 5. d3 0-0 6. Bg5 a6 7. Ba4 b5 8. Bb3 Be7 9. a4 Rb8 10. axb5 axb5 1/2-1/2

[Event "SVK-chT 1819"]
[Site "Slovakia"]
[Date "2019.03.10"]
[Round "8.6"]
[White "Bulski, Krzysztof"]
[Black "Nemeth, Miklos"]
[Result "1/2-1/2"]
[WhiteElo "2544"]
[BlackElo "2486"]
[PlyCount "33"]
[EventDate "2018.11.10"]
[EventType "team-tourn"]
[EventRounds "11"]
[EventCountry "SVK"]
[SourceTitle "CBM 189 Extra"]
[Source "ChessBase"]
[SourceDate "2019.06.03"]
[SourceVersion "1"]
[SourceVersionDate "2019.06.03"]
[SourceQuality "1"]
[WhiteTeam "Dunajov Inbest"]
[BlackTeam "Dunajska Streda"]
[WhiteTeamCountry "SVK"]
[BlackTeamCountry "SVK"]

1. e4 e5 2. Nf3 Nc6 3. Bb5 a6 4. Ba4 Nf6 5. 0-0 Be7 6. d3 d6 7. c3 0-0 8. Re1 b5 9. Bb3 Na5 10. Bc2 c5 11. Nbd2 Re8 12. Nf1 h6 13. a4 b4 14. cxb4 cxb4 15. d4 Qc7 16. Ne3 Bf8 17. d5 1/2-1/2

[Event "SVK-chT 1819"]
[Site "Slovakia"]
[Date "2019.02.17"]
[Round "6.2"]
[White "Bulski, Krzysztof"]
[Black "Kriebel, Tadeas"]
[Result "1/2-1/2"]
[WhiteElo "2544"]
[BlackElo "2515"]
[PlyCount "29"]
[EventDate "2018.11.10"]
[EventType "team-tourn"]
[EventRounds "11"]
[EventCountry "SVK"]
[SourceTitle "CBM 188 Extra"]
[Source "ChessBase"]
[SourceDate "2019.02.26"]
[SourceVersion "1"]
[SourceVersionDate "2019.02.26"]
[SourceQuality "1"]
[WhiteTeam "Dunajov Inbest"]
[BlackTeam "Snina Reinter"]
[WhiteTeamCountry "SVK"]
[BlackTeamCountry "SVK"]

1. d4 d5 2. c4 dxc4 3. Nf3 Nf6 4. e3 Bg4 5. h3 Bh5 6. Bxc4 e6 7. Nc3 Nc6 8. Be2 a6 9. 0-0 Bd6 10. b3 0-0 11. Bb2 Qe7 12. Ne5 Bxe2 13. Nxc6 Bxd1 14. Nxe7+ Bxe7 15. Rfxd1 1/2-1/2

[Event "SVK-chT 1819"]
[Site "Slovakia"]
[Date "2019.02.16"]
[Round "5.1"]
[White "Leniart, Arkadiusz"]
[Black "Bulski, Krzysztof"]
[Result "0-1"]
[WhiteElo "2505"]
[BlackElo "2544"]
[PlyCount "142"]
[EventDate "2018.11.10"]
[EventType "team-tourn"]
[EventRounds "11"]
[EventCountry "SVK"]
[SourceTitle "CBM 188 Extra"]
[Source "ChessBase"]
[SourceDate "2019.02.26"]
[SourceVersion "1"]
[SourceVersionDate "2019.02.26"]
[SourceQuality "1"]
[WhiteTeam "Prakovce"]
[BlackTeam "Dunajov Inbest"]
[WhiteTeamCountry "SVK"]
[BlackTeamCountry "SVK"]

1. e4 e5 2. Nf3 Nc6 3. Bc4 Nf6 4. d3 Be7 5. c3 0-0 6. Nbd2 a6 7. 0-0 d6 8. Bb3 Na5 9. Bc2 c5 10. d4 Qc7 11. d5 c4 12. h3 b5 13. Nh2 Nb7 14. f4 exf4 15. Rxf4 Nd7 16. Ndf3 Ne5 17. Nxe5 dxe5 18. Rf3 Qd8 19. Qe2 Bg5 20. Bxg5 Qxg5 21. Qf2 Nd6 22. Rf1 Bd7 23. h4 Qe7 24. g4 f6 25. Qg3 a5 26. g5 fxg5 27. hxg5 Nf7 28. g6 hxg6 29. Qxg6 Ng5 30. Rxf8+ Rxf8 31. Rxf8+ Kxf8 32. Qb6 Nh3+ 33. Kh1 Qg5 34. Nf1 Bg4 35. Qe3 Qh4 36. Nh2 Nf4 37. a4 bxa4 38. d6 Be2 39. d7 Qe1+ 40. Qg1 Qxg1+ 41. Kxg1 Ke7 42. Kf2 a3 43. bxa3 Kxd7 44. Ba4+ Kd6 45. Bb5 Kc5 46. Ba6 Kb6 47. Bc8 Kc7 48. Ba6 Kc6 49. Ke3 Kd6 50. Bc8 g5 51. Bg4 Bxg4 52. Nxg4 Nd3 53. Ke2 Kc5 54. Kd2 Kb5 55. Kc2 Nc5 56. Nxe5 Nxe4 57. Ng4 Kc5 58. Ne3 Nd6 59. Kd2 Nb5 60. a4 Nd6 61. Nd1 Nc8 62. Ke3 Nb6 63. Nb2 Kd5 64. Kf3 Ke5 65. Kg4 Kf6 66. Kf3 Kf5 67. Nd1 g4+ 68. Kg3 Nd5 69. Nf2 Ne3 70. Nh1 Nd1 71. Kg2 Nxc3 0-1

[Event "POL-chT"]
[Site "Poland"]
[Date "2018.10.28"]
[Round "9.5"]
[White "Wieczorek, Oskar"]
[Black "Bulski, Krzysztof"]
[Result "0-1"]
[WhiteElo "2469"]
[BlackElo "2535"]
[PlyCount "118"]
[EventDate "2018.06.08"]
[EventType "team-tourn"]
[EventRounds "9"]
[EventCountry "POL"]
[SourceTitle "CBM 187 Extra"]
[Source "ChessBase"]
[SourceDate "2018.11.04"]
[SourceVersion "1"]
[SourceVersionDate "2018.11.04"]
[SourceQuality "1"]
[WhiteTeam "Wroclaw Polonia"]
[BlackTeam "Katowice Wasko"]
[WhiteTeamCountry "POL"]
[BlackTeamCountry "POL"]

1. c4 e5 2. e3 Nf6 3. Nc3 Bb4 4. Nge2 0-0 5. a3 Bxc3 6. Nxc3 d5 7. cxd5 Nxd5 8. Qc2 Be6 9. b4 Nd7 10. Bb2 c5 11. Nxd5 Bxd5 12. Bd3 h6 13. Bh7+ Kh8 14. Be4 Nf6 15. Bxd5 Qxd5 16. 0-0 Rac8 17. Rac1 Nd7 18. bxc5 Rxc5 19. Bc3 f6 20. e4 Qc6 21. f4 Rc8 22. fxe5 Nxe5 23. Rce1 Qd6 24. Qb1 Ng4 25. e5 Nxe5 26. Bxe5 Rxe5 27. Rxe5 Qxe5 28. Qxb7 Qd4+ 29. Kh1 Rc2 30. Qb8+ Kh7 31. Qb1 Qxd2 32. Qb7 Qe2 33. Rg1 Qe3 34. Qb1 Qe4 35. h3 f5 36. Qb3 a5 37. Qg3 f4 38. Qe1 Re2 39. Qb1 Qxb1 40. Rxb1 Re3 41. Ra1 a4 42. Kg1 Kg6 43. Kf2 Kf5 44. Ra2 Ke4 45. h4 Kf5 46. h5 Kg4 47. Rc2 Rxa3 48. Rc7 Kxh5 49. Rxg7 Rb3 50. Rg8 a3 51. Rg7 Rb2+ 52. Kf3 a2 53. Ra7 Kg5 54. Ra4 Rc2 55. Ra5+ Kf6 56. Kxf4 Rxg2 57. Ra6+ Ke7 58. Ke5 Re2+ 59. Kf5 Kd7 0-1

[Event "BL2-Sued 1718"]
[Site "Germany"]
[Date "2017.12.09"]
[Round "5.2"]
[White "Amin, Bassem"]
[Black "Bulski, Krzysztof"]
[Result "1-0"]
[WhiteElo "2698"]
[BlackElo "2536"]
[PlyCount "57"]
[EventDate "2017.10.21"]
[EventType "team-tourn"]
[EventRounds "10"]
[EventCountry "GER"]
[SourceTitle "CBM 183 Extra"]
[Source "ChessBase"]
[SourceDate "2018.04.19"]
[SourceVersion "1"]
[SourceVersionDate "2018.04.19"]
[SourceQuality "1"]
[WhiteTeam "Viernheim"]
[BlackTeam "Griesheim"]
[WhiteTeamCountry "GER"]
[BlackTeamCountry "GER"]

1. e4 c5 2. Nf3 d6 3. g3 Nc6 4. Bg2 g6 5. 0-0 Bg7 6. c3 e5 7. d3 Nge7 8. a3 0-0 9. b4 b6 10. Bb2 h6 11. b5 Na5 12. c4 a6 13. a4 Bd7 14. Nfd2 axb5 15. axb5 Nb7 16. Nc3 Qc7 17. Rxa8 Rxa8 18. f4 Ra7 19. f5 gxf5 20. Qh5 f4 21. gxf4 exf4 22. Nd5 Nxd5 23. Bxg7 Kxg7 24. cxd5 Qd8 25. Rxf4 Ra1+ 26. Nf1 Qe7 27. Rf3 Nd8 28. Rg3+ Kh7 29. e5 1-0

[Event "SVK-chT 1617"]
[Site "Slovakia"]
[Date "2017.03.24"]
[Round "9.3"]
[White "Mazur, Stefan"]
[Black "Bulski, Krzysztof"]
[Result "0-1"]
[WhiteElo "2446"]
[BlackElo "2522"]
[PlyCount "88"]
[EventDate "2016.10.22"]
[EventType "team-tourn"]
[EventRounds "11"]
[EventCountry "SVK"]
[SourceTitle "CBM 177 Extra"]
[Source "ChessBase"]
[SourceDate "2017.04.27"]
[SourceVersion "1"]
[SourceVersionDate "2017.04.27"]
[SourceQuality "1"]
[WhiteTeam "Liptov Chess School"]
[BlackTeam "Dunajov Inbest"]
[WhiteTeamCountry "SVK"]
[BlackTeamCountry "SVK"]

1. e4 c5 2. Nf3 g6 3. d4 Bg7 4. c4 cxd4 5. Nxd4 Nc6 6. Be3 Nf6 7. Nc3 Ng4 8. Qxg4 Nxd4 9. Qd1 Ne6 10. Qd2 d6 11. Be2 0-0 12. Bh6 Bxh6 13. Qxh6 Nd4 14. 0-0-0 Nxe2+ 15. Nxe2 Be6 16. h4 Qa5 17. Nc3 f6 18. f4 Rac8 19. Rd3 Kh8 20. b3 Rg8 21. Kb2 Rc5 22. Nd5 Bxd5 23. exd5 b5 24. h5 g5 25. fxg5 bxc4 26. g6 Rg7 27. bxc4 Rxc4 28. Rb3 Rc8 29. Rc1 Rcg8 30. Rd1 Qa4 31. Rdd3 Qe4 32. Qd2 Qe5+ 33. Ka3 Qxh5 34. gxh7 Rf8 35. Rg3 Rg5 36. Rxg5 Qxg5 37. Qe2 Qc1+ 38. Ka4 Qc7 39. Re3 Re8 40. Re4 a5 41. a3 e5 42. dxe6 Qc6+ 43. Kb3 Rb8+ 44. Ka2 Qc1 0-1

[Event "SVK-chT 1617"]
[Site "Slovakia"]
[Date "2017.02.18"]
[Round "7.1"]
[White "Bulski, Krzysztof"]
[Black "Manik, Mikulas"]
[Result "1/2-1/2"]
[WhiteElo "2522"]
[BlackElo "2440"]
[PlyCount "43"]
[EventDate "2016.10.22"]
[EventType "team-tourn"]
[EventRounds "11"]
[EventCountry "SVK"]
[SourceTitle "CBM 177 Extra"]
[Source "ChessBase"]
[SourceDate "2017.04.27"]
[SourceVersion "1"]
[SourceVersionDate "2017.04.27"]
[SourceQuality "1"]
[WhiteTeam "Dunajov Inbest"]
[BlackTeam "Prakovce"]
[WhiteTeamCountry "SVK"]
[BlackTeamCountry "SVK"]

1. d4 Nf6 2. c4 g6 3. Nc3 Bg7 4. e4 d6 5. f3 0-0 6. Be3 Nbd7 7. Qd2 c5 8. Nge2 Qa5 9. Nc1 cxd4 10. Bxd4 Ne5 11. Nb3 Qc7 12. Rc1 a5 13. c5 dxc5 14. Nb5 Qb8 15. Nxc5 Nc6 16. Bc3 Rd8 17. Qe3 Na7 18. Na4 Nxb5 19. Bxb5 Bd7 20. Bxd7 Nxd7 21. Bxg7 Kxg7 22. 0-0 1/2-1/2

[Event "CZE-chT 1516"]
[Site "Czech Republic"]
[Date "2016.04.17"]
[Round "11.5"]
[White "Bulski, Krzysztof"]
[Black "Polak, Tomas"]
[Result "1/2-1/2"]
[WhiteElo "2528"]
[BlackElo "2519"]
[PlyCount "37"]
[EventDate "2015.11.07"]
[EventType "team-tourn"]
[EventRounds "11"]
[EventCountry "CZE"]
[SourceTitle "EXT 2017"]
[Source "ChessBase"]
[SourceDate "2016.10.25"]
[SourceVersion "1"]
[SourceVersionDate "2016.10.25"]
[SourceQuality "1"]
[WhiteTeam "Praha Mahrla"]
[BlackTeam "Brno Duras"]
[WhiteTeamCountry "CZE"]
[BlackTeamCountry "CZE"]

1. d4 Nf6 2. c4 e6 3. Nc3 d5 4. cxd5 exd5 5. Bg5 c6 6. Qc2 Be7 7. e3 Bg4 8. Bd3 Bh5 9. h3 Bg6 10. Bxg6 hxg6 11. Nf3 Nbd7 12. 0-0-0 Nb6 13. Ne5 Nfd7 14. Bf4 Nxe5 15. Bxe5 Bf6 16. Bf4 Bg5 17. Be5 Bf6 18. Bf4 Bg5 19. Be5 1/2-1/2

[Event "CZE-chT 1516"]
[Site "Czech Republic"]
[Date "2016.04.16"]
[Round "10.6"]
[White "Stachowiak, Kamil"]
[Black "Bulski, Krzysztof"]
[Result "1/2-1/2"]
[WhiteElo "2440"]
[BlackElo "2528"]
[PlyCount "29"]
[EventDate "2015.11.07"]
[EventType "team-tourn"]
[EventRounds "11"]
[EventCountry "CZE"]
[SourceTitle "EXT 2017"]
[Source "ChessBase"]
[SourceDate "2016.10.25"]
[SourceVersion "1"]
[SourceVersionDate "2016.10.25"]
[SourceQuality "1"]
[WhiteTeam "Litovel"]
[BlackTeam "Praha Mahrla"]
[WhiteTeamCountry "CZE"]
[BlackTeamCountry "CZE"]

1. d4 Nf6 2. Nf3 e6 3. c4 d5 4. Nc3 Bb4 5. Qa4+ Nc6 6. Ne5 Bd7 7. Nxd7 Qxd7 8. e3 0-0 9. Bd2 a6 10. cxd5 exd5 11. Bd3 Bxc3 12. Bxc3 Ne5 13. Qxd7 Nxd3+ 14. Kd2 Nxd7 15. Kxd3 1/2-1/2

[Event "CZE-chT 1516"]
[Site "Czech Republic"]
[Date "2016.04.15"]
[Round "9.4"]
[White "Votava, Jan"]
[Black "Bulski, Krzysztof"]
[Result "1-0"]
[WhiteElo "2522"]
[BlackElo "2528"]
[PlyCount "77"]
[EventDate "2015.11.07"]
[EventType "team-tourn"]
[EventRounds "11"]
[EventCountry "CZE"]
[SourceTitle "EXT 2017"]
[Source "ChessBase"]
[SourceDate "2016.10.25"]
[SourceVersion "1"]
[SourceVersionDate "2016.10.25"]
[SourceQuality "1"]
[WhiteTeam "Pardubice"]
[BlackTeam "Praha Mahrla"]
[WhiteTeamCountry "CZE"]
[BlackTeamCountry "CZE"]

1. d4 Nf6 2. Nf3 g6 3. g3 Bg7 4. Bg2 d5 5. 0-0 0-0 6. c3 c6 7. a4 a5 8. b3 Re8 9. Ba3 Ne4 10. Nfd2 Nxd2 11. Nxd2 e5 12. e3 Be6 13. dxe5 Bxe5 14. Rc1 Bg7 15. Nf3 Qc8 16. c4 Rd8 17. Nd4 Bh3 18. cxd5 Bxg2 19. Kxg2 Rd7 20. dxc6 Nxc6 21. Nxc6 bxc6 22. Qc2 Ra6 23. Rfd1 h5 24. Rxd7 Qxd7 25. Rd1 Qb7 26. Rd8+ Kh7 27. Bc5 Ra8 28. Rxa8 Qxa8 29. Qc4 Kg8 30. b4 axb4 31. Qxb4 Bf8 32. a5 Bd6 33. Qa3 Bxc5 34. Qxc5 Qa6 35. h4 Kh7 36. e4 Kg8 37. Qb6 Qc4 38. a6 Qxe4+ 39. Kh2 1-0

[Event "SVK-chT 1516"]
[Site "Slovakia"]
[Date "2016.04.09"]
[Round "10.5"]
[White "Maslik, Miroslav"]
[Black "Bulski, Krzysztof"]
[Result "1/2-1/2"]
[WhiteElo "2333"]
[BlackElo "2533"]
[PlyCount "30"]
[EventDate "2015.10.10"]
[EventType "team-tourn"]
[EventRounds "11"]
[EventCountry "SVK"]
[SourceTitle "EXT 2017"]
[Source "ChessBase"]
[SourceDate "2016.10.25"]
[SourceVersion "1"]
[SourceVersionDate "2016.10.25"]
[SourceQuality "1"]
[WhiteTeam "Modra"]
[BlackTeam "Dunajov Inbest"]
[WhiteTeamCountry "SVK"]
[BlackTeamCountry "SVK"]

1. d4 Nf6 2. c4 e6 3. Nf3 d5 4. Nc3 Be7 5. Bf4 0-0 6. e3 Nbd7 7. h3 c5 8. cxd5 exd5 9. Bd3 a6 10. a4 b6 11. 0-0 Bb7 12. Ne5 Re8 13. Qc2 Nf8 14. Rad1 cxd4 15. exd4 Ne6 1/2-1/2

[Event "SVK-chT 1516"]
[Site "Slovakia"]
[Date "2016.02.28"]
[Round "8.6"]
[White "Petrik, Tomas"]
[Black "Bulski, Krzysztof"]
[Result "1/2-1/2"]
[WhiteElo "2477"]
[BlackElo "2533"]
[PlyCount "65"]
[EventDate "2015.10.10"]
[EventType "team-tourn"]
[EventRounds "11"]
[EventCountry "SVK"]
[SourceTitle "EXT 2017"]
[Source "ChessBase"]
[SourceDate "2016.10.25"]
[SourceVersion "1"]
[SourceVersionDate "2016.10.25"]
[SourceQuality "1"]
[WhiteTeam "Stara Lubovna Angelus"]
[BlackTeam "Dunajov Inbest"]
[WhiteTeamCountry "SVK"]
[BlackTeamCountry "SVK"]

1. e4 e5 2. Nf3 Nc6 3. Bb5 a6 4. Bxc6 dxc6 5. 0-0 f6 6. d4 exd4 7. Nxd4 c5 8. Ne2 Qxd1 9. Rxd1 Bd7 10. Be3 0-0-0 11. Nbc3 Re8 12. Rd2 Bc6 13. Rad1 b6 14. Nf4 Nh6 15. Nfd5 Ng4 16. Bf4 Ne5 17. b3 Kb7 18. Ne3 Ng6 19. Bg3 c4 20. Nxc4 Bb4 21. Rd3 Bxc3 22. Rxc3 Rxe4 23. f3 Ree8 24. Ne3 Rd8 25. Rcd3 Rxd3 26. Rxd3 Ne7 27. Rd4 Kc8 28. Rg4 Rg8 29. Kf2 a5 30. a4 Kb7 31. Rh4 h6 32. Rg4 Bd7 33. Rd4 1/2-1/2

[Event "CZE-chT 1516"]
[Site "Czech Republic"]
[Date "2015.11.07"]
[Round "1.2"]
[White "Stocek, Jiri"]
[Black "Bulski, Krzysztof"]
[Result "1/2-1/2"]
[WhiteElo "2557"]
[BlackElo "2528"]
[PlyCount "103"]
[EventDate "2015.11.07"]
[EventType "team-tourn"]
[EventRounds "11"]
[EventCountry "CZE"]
[SourceTitle "CBM 169 Extra"]
[Source "ChessBase"]
[SourceDate "2015.12.18"]
[SourceVersion "1"]
[SourceVersionDate "2015.12.18"]
[SourceQuality "1"]
[WhiteTeam "Lysa nad Labem"]
[BlackTeam "Praha Mahrla"]
[WhiteTeamCountry "CZE"]
[BlackTeamCountry "CZE"]

1. d4 Nf6 2. Nf3 g6 3. Bf4 Bg7 4. c3 0-0 5. h3 d6 6. Nbd2 Nbd7 7. a4 Qe8 8. e4 e5 9. dxe5 Nxe5 10. Nxe5 dxe5 11. Be3 Qe7 12. Be2 Re8 13. Bg4 Be6 14. Bxe6 Qxe6 15. f3 Bf8 16. Qb3 Nd7 17. Qxe6 Rxe6 18. Nb3 f6 19. Ke2 Kf7 20. Rhd1 Ke8 21. a5 a6 22. Rd5 c6 23. Rd2 Rd6 24. Rad1 Rxd2+ 25. Nxd2 Nc5 26. Nc4 Rd8 27. Rf1 Ne6 28. g3 Bc5 29. Bc1 Be7 30. h4 Kf7 31. Rh1 h5 32. Rf1 Kg7 33. Be3 Bc5 34. Bxc5 Nxc5 35. Rd1 Rxd1 36. Kxd1 Kf8 37. b4 Ne6 38. Nd6 Nd8 39. Ke2 Ke7 40. Nc8+ Kd7 41. Nb6+ Ke6 42. Na4 Kd6 43. Nc5 Ne6 44. Nxb7+ Kc7 45. Nc5 Nxc5 46. bxc5 Kd7 47. Ke3 Ke6 48. f4 Kf7 49. g4 Kg7 50. Kf3 Kf7 51. f5 gxf5 52. gxf5 1/2-1/2

[Event "POL-chT"]
[Site "Poland"]
[Date "2015.10.04"]
[Round "9.5"]
[White "Kuzmicz, Krystian"]
[Black "Bulski, Krzysztof"]
[Result "1/2-1/2"]
[WhiteElo "2479"]
[BlackElo "2533"]
[PlyCount "55"]
[EventDate "2015.05.08"]
[EventType "team-tourn"]
[EventRounds "9"]
[EventCountry "POL"]
[SourceTitle "EXT 2017"]
[Source "ChessBase"]
[SourceDate "2016.10.25"]
[SourceVersion "1"]
[SourceVersionDate "2016.10.25"]
[SourceQuality "1"]
[WhiteTeam "Grudziadz Rotmistrz"]
[BlackTeam "Katowice Wasko"]
[WhiteTeamCountry "POL"]
[BlackTeamCountry "POL"]

1. c4 Nf6 2. Nc3 d5 3. cxd5 Nxd5 4. g3 g6 5. Bg2 Nxc3 6. dxc3 Qxd1+ 7. Kxd1 Bg7 8. Kc2 e5 9. e4 Be6 10. Nf3 f6 11. Be3 Nd7 12. Rhd1 0-0-0 13. Nd2 h5 14. h4 Bh6 15. Bxh6 Rxh6 16. Bf1 Rhh8 17. Bc4 Bxc4 18. Nxc4 Nb6 19. Nxb6+ axb6 20. Rxd8+ Rxd8 21. Rd1 Rxd1 22. Kxd1 Kd7 23. Kd2 Kd6 24. Kd3 Ke6 25. Ke3 Kd6 26. Kd3 Ke6 27. Ke3 Kd6 28. Kd3 1/2-1/2

[Event "POL-chT"]
[Site "Poland"]
[Date "2015.05.10"]
[Round "3.2"]
[White "Maksimenko, Andrei"]
[Black "Bulski, Krzysztof"]
[Result "1/2-1/2"]
[WhiteElo "2465"]
[BlackElo "2533"]
[PlyCount "58"]
[EventDate "2015.05.08"]
[EventType "team-tourn"]
[EventRounds "9"]
[EventCountry "POL"]
[SourceTitle "CBM 166 Extra"]
[Source "ChessBase"]
[SourceDate "2015.06.18"]
[SourceVersion "1"]
[SourceVersionDate "2015.06.18"]
[SourceQuality "1"]
[WhiteTeam "Znin Baszta"]
[BlackTeam "Katowice Wasko"]
[WhiteTeamCountry "POL"]
[BlackTeamCountry "POL"]

1. Nf3 Nf6 2. c4 g6 3. Nc3 d5 4. cxd5 Nxd5 5. Qb3 Nb6 6. d4 Bg7 7. e4 Bg4 8. Bb5+ c6 9. Ng5 0-0 10. Be2 Bxe2 11. Nxe2 c5 12. dxc5 N6d7 13. Qxb7 Qa5+ 14. Bd2 Qa6 15. c6 Qxc6 16. Qxc6 Nxc6 17. Rc1 Rac8 18. b3 Nde5 19. 0-0 Rfd8 20. Be3 Ng4 21. Nf3 Nxe3 22. fxe3 Nb4 23. Nf4 e6 24. a4 Bb2 25. Rb1 Rc2 26. Ne1 Rcd2 27. Nf3 Rc2 28. Ne1 Rcd2 29. Nf3 Rc2 1/2-1/2

[Event "POL-chT"]
[Site "Poland"]
[Date "2015.05.09"]
[Round "2.5"]
[White "Bulski, Krzysztof"]
[Black "Weichhold, Pawel"]
[Result "1-0"]
[WhiteElo "2533"]
[BlackElo "2401"]
[PlyCount "75"]
[EventDate "2015.05.08"]
[EventType "team-tourn"]
[EventRounds "9"]
[EventCountry "POL"]
[SourceTitle "CBM 166 Extra"]
[Source "ChessBase"]
[SourceDate "2015.06.18"]
[SourceVersion "1"]
[SourceVersionDate "2015.06.18"]
[SourceQuality "1"]
[WhiteTeam "Katowice Wasko"]
[BlackTeam "Dabrowa Gornicza Zaglebie"]
[WhiteTeamCountry "POL"]
[BlackTeamCountry "POL"]

1. e4 c5 2. Nf3 Nc6 3. Bb5 g6 4. 0-0 Bg7 5. c3 Nf6 6. Re1 0-0 7. h3 e5 8. d3 d6 9. a3 Bd7 10. b4 Nh5 11. Bg5 Qe8 12. Nbd2 h6 13. Be3 b6 14. Bc4 Kh8 15. Bd5 Rd8 16. Nc4 Be6 17. d4 cxd4 18. cxd4 exd4 19. Nxd4 Bxd5 20. exd5 Ne7 21. Qf3 Qd7 22. Rac1 Kh7 23. Nc6 Rde8 24. Bd4 Bxd4 25. Nxd4 Kg7 26. Nc6 Nf6 27. Ne3 a6 28. Nxe7 Rxe7 29. Rc6 Rb8 30. Rec1 Ne8 31. Qf4 Qd8 32. Nc4 b5 33. Nxd6 Nf6 34. Nf5+ gxf5 35. Qg3+ Kh7 36. Rxf6 Rc8 37. Rxc8 Qxc8 38. Qf4 1-0

[Event "CZE-chT 1415"]
[Site "Czech Republic"]
[Date "2015.03.27"]
[Round "9.6"]
[White "Bulski, Krzysztof"]
[Black "Stocek, Jiri"]
[Result "1/2-1/2"]
[WhiteElo "2517"]
[BlackElo "2554"]
[PlyCount "47"]
[EventDate "2014.11.01"]
[EventType "team-tourn"]
[EventRounds "11"]
[EventCountry "CZE"]
[SourceTitle "EXT 2016"]
[Source "ChessBase"]
[SourceDate "2015.10.08"]
[SourceVersion "1"]
[SourceVersionDate "2015.10.08"]
[SourceQuality "1"]
[WhiteTeam "Praha Mahrla"]
[BlackTeam "Lysa nad Labem"]
[WhiteTeamCountry "CZE"]
[BlackTeamCountry "CZE"]

1. Nf3 b6 2. e4 Bb7 3. Nc3 Nf6 4. e5 Ne4 5. Bd3 Nxc3 6. dxc3 e6 7. Qe2 Be7 8. h4 h6 9. Bf4 d5 10. exd6 Bxd6 11. Bb5+ Ke7 12. Ne5 a6 13. Bc4 Re8 14. 0-0-0 Kf8 15. Rhe1 Nd7 16. Rd4 Bd5 17. Qd2 Nxe5 18. Bxe5 Bxe5 19. Rxe5 c6 20. Bxd5 exd5 21. Rxe8+ Qxe8 22. b3 b5 23. Rd3 Qe7 24. g3 1/2-1/2

[Event "SVK-chT 1415"]
[Site "Slovakia"]
[Date "2015.02.22"]
[Round "8.3"]
[White "Manik, Mikulas"]
[Black "Bulski, Krzysztof"]
[Result "1/2-1/2"]
[WhiteElo "2391"]
[BlackElo "2520"]
[PlyCount "24"]
[EventDate "2014.10.25"]
[EventType "team-tourn"]
[EventRounds "11"]
[EventCountry "SVK"]
[SourceTitle "EXT 2016"]
[Source "ChessBase"]
[SourceDate "2015.10.08"]
[SourceVersion "1"]
[SourceVersionDate "2015.10.08"]
[SourceQuality "1"]
[WhiteTeam "Prakovce"]
[BlackTeam "Dunajov"]
[WhiteTeamCountry "SVK"]
[BlackTeamCountry "SVK"]

1. e4 c5 2. Nf3 e6 3. c3 Nf6 4. e5 Nd5 5. d4 cxd4 6. cxd4 d6 7. Bc4 Nb6 8. Bd3 Nc6 9. 0-0 Nb4 10. Bg5 Be7 11. Bxe7 Qxe7 12. Nc3 Nxd3 1/2-1/2

[Event "CZE-chT 1415"]
[Site "Czech Republic"]
[Date "2015.02.08"]
[Round "8.3"]
[White "Bulski, Krzysztof"]
[Black "Areshchenko, Alexander"]
[Result "1/2-1/2"]
[WhiteElo "2517"]
[BlackElo "2655"]
[PlyCount "44"]
[EventDate "2014.11.01"]
[EventType "team-tourn"]
[EventRounds "11"]
[EventCountry "CZE"]
[SourceTitle "EXT 2016"]
[Source "ChessBase"]
[SourceDate "2015.10.08"]
[SourceVersion "1"]
[SourceVersionDate "2015.10.08"]
[SourceQuality "1"]
[WhiteTeam "Praha Mahrla"]
[BlackTeam "Pardubice"]
[WhiteTeamCountry "CZE"]
[BlackTeamCountry "CZE"]

1. d4 Nf6 2. c4 g6 3. Nc3 d5 4. Nf3 Bg7 5. Qb3 dxc4 6. Qxc4 0-0 7. e4 a6 8. Be2 b5 9. Qb3 c5 10. dxc5 Be6 11. Qc2 Nbd7 12. Be3 Rc8 13. Rd1 b4 14. Nd5 Bxd5 15. exd5 Nxc5 16. 0-0 Nce4 17. Qd3 Qd6 18. Qxa6 Rc2 19. Bd4 Nc5 20. Qxd6 exd6 21. Bb5 Nfe4 22. Ne1 Rd2 1/2-1/2